000 00397nam a22001577a 4500
003 CEME
005 20210628202238.0
008 210301b xxu||||| |||| 00| 0 eng d
040 _c.
082 _a891.4393 TAR
100 _aMustanser Hussain Tarar
_958978
245 _aHazaroan rastey
260 _aLAHORE
_bSANG E MEEL PUBLISHER
_c2000
650 _aURDU ADAB-NOVEL
_920918
942 _cBK
_2ddc
999 _c569040
_d569040